00267nam a2200109Ia 4500008004100000245004200041260002200083440000600105521002200111942000700133999001700140140130s9999 xx 000 0 und d cJustine KormanaTonka! Highway Trucks bScholastic,c1998 v1 aGrade 3 - Grade 4 cBK c40999d40999